Biblioteca

El arte de sobreponerse : Cómo enfrentar las crisis de la vida / Fredrica R. Halligan ; Marcela de Narváez, Traductor (Registro nro. 43231)

Detalles MARC
000 -LÍDER
Campo fijo de descripción fija 010220000a22002050004500
020 ## - NÚMERO INTERNACIONAL NORMALIZADO PARA LIBROS
Número Internacional Normalizado del libro 958-04-3375-5
041 0# - CÓDIGO DE IDIOMA
Código de idioma para texto/pista de sonido o título separado
082 04 - NÚMERO DE CLASIFICACIÓN DECIMAL DEWEY
Número de clasificación G 155.9 H189a
001 - NÚMERO DE CONTROL
Campo de control 14358
100 1# - ASIENTO PRINCIPAL--NOMBRE PERSONAL
Nombre personal Halligan, Fredrica R.
245 10 - TÍTULO
Título del Material El arte de sobreponerse : Cómo enfrentar las crisis de la vida / Fredrica R. Halligan ; Marcela de Narváez, Traductor
260 ## - PUBLICACIÓN, DISTRIBUCIÓN, ETC. (PIE DE IMPRENTA)
Lugar de publicación, distribución, etc. Barcelona : Norma
300 ## - DESCRIPCIÓN FÍSICA
Extensión 294 Pág.
336 ## - CONTENT TYPE
Content type term texto
Content type code txt
Source rdacontent
337 ## - MEDIA TYPE
Source rdamedia
Media type term sin mediación
Media type code n
338 ## - CARRIER TYPE
Source rdacarrier
Carrier type term volumen
Carrier type code nc
500 ## - NOTA GENERAL
Nota General Título original : The art of coping
505 00 - NOTA DE CONTENIDO
Nota de contenido con formato preestablecido introducción: el afrontamiento de las crisis y sus diversas manifestaciones -- seis corrientes: el tao del afrontamiento -- el río subterráneo -- las buenas relaciones aligeran el camino -- el sendero del espíritu -- los senderos del organismo -- el computador interno y sus posibilidades -- investigación sobre cursos de acción: el camino del guerrero -- búsqueda del propio camino a través de sitios escabrosos
942 ## - TIPO DE MATERIAL (KOHA)
Tipo de Item KOHA Libros General
Existencias
Estado de Material Estado de Perdido Estado de Dañado No para Préstamo Colección Tomo Biblioteca de Origen Biblioteca Permanente Fecha de Adquisición Total de Préstamos Signatura Topográfica Código de Barras Última vez visto Última vez Préstado Ejemplar/Existencia Fecha de Remplazo Tipo de Material
        Colección General   Biblioteca FUSBC Biblioteca FUSBC 08/06/2007 1 G 155.9 H189a 15820 11/08/2023 04/08/2023 1 26/01/2016 Libros General

Biblioteca FUSBC | Teléfono: (57+4) 349 88 10 Ext. 141| WhatsApp (+57) 3005338115 
E-mail: biblioteca@unisbc.edu.co | Calle 76 87-14 Robledo Palenque, Medellín, Colombia

Con tecnología Koha